Temas de derecho material laboral y la empresa transnacional /
sin resumen
Furkejuvvon:
| Váldodahkki: | |
|---|---|
| Materiálatiipa: | Dovdameahttun |
| Fáttát: | |
| Fáddágilkorat: |
Lasit fáddágilkoriid
Eai fáddágilkorat, Lasit vuosttaš fáddágilkora!
|
MARC
| LEADER | 00000 a2200000 04500 | ||
|---|---|---|---|
| 001 | 1454 | ||
| 003 | cru CIDCACS/IIS | ||
| 005 | 20210122062542.0 | ||
| 008 | 991231s d | ||
| 999 | |c 11405 |d 11405 | ||
| 040 | |c CRAI/IIS | ||
| 100 | 1 | |a Nadal Vignolo, Stella Maris |9 9741 | |
| 245 | 1 | |a Temas de derecho material laboral y la empresa transnacional / |c Stella Maris Nadal Vignolo | |
| 300 | |a páginas 85-127 | ||
| 520 | |a sin resumen | ||
| 650 | |a EMPRESAS TRANSNACIONALES | ||
| 650 | |a DERECHO DEL TRABAJO | ||
| 650 | |a CONDICIONES DE TRABAJO | ||
| 942 | |2 ddc |c LI | ||
| 773 | 0 | |0 43516 |9 5064 |a Nadal Vignolo, Stella Maris |d Madrid: Ediciones Cultura Hispánica, 1983 |o 13410 |t La empresa transnacional en el marco laboral/ | |
